| 000 | 00506nam a2200169Ia 4500 | ||
|---|---|---|---|
| 008 | 090201s9999 xx 000 0 und d | ||
| 010 | _aKPL-40278 | ||
| 040 | _bमराठी | ||
| 041 | _aमराठी | ||
| 082 |
_a25900 _b40278 |
||
| 100 | _aरजनी शिरोडकर | ||
| 245 |
_aसाफल्य _cरजनी शिरोडकर |
||
| 260 |
_c2004 _bप्रिया प्रकाशन |
||
| 300 |
_a186 _bमोठा |
||
| 600 | _aसाफल्य | ||
| 942 | _cBOOK | ||
| 999 |
_c225060 _d225060 |
||